=LDR 00000nam 2200000 4500 =001 INLIS000000000005418 =005 20130612093652 =008 ***********************************Ind** =035 ##$$0010-061300000005418 =041 ##$$a Ind =082 ##$$a 784.5 =090 ##$$a 784.5, Par i =100 ##$$a PAREDE, G.S =245 ##$$a Ilustrasi, Kumpulan lagu-lagu pilihan barat, G.S. Pardede. -- =650 ##$$a 1997 $b Jakarta =710 ##$$a 78 hlm, 21 cm =850 ##$$a Nyanyian Populer (Barat)